000 00422nam a2200145Ia 4500
008 230917s9999||||xx |||||||||||||| ||und||
040 _e41024
_aMAIN
041 _aEnglish
082 _a813.09 W123C
100 _aWagenknecht, Edward
245 0 _aCavalcade of the American novel: From the birth of the nation to the middle of the 20th century
260 _aCalcutta
_bOxford
_c1952
300 _axv, 575 p.
942 _cBK
999 _c46048
_d46048